| 000 | 00000nam 2200000zi 4500 |
| 001 | 9.934030 |
| 003 | CaOODSP |
| 005 | 20240216151441 |
| 006 | m o d f |
| 007 | cr |n||||||||| |
| 008 | 240216t20232023qucb o f|0| 0 iku d |
| 040 | |aCaOODSP|bfre|erda|cCaOODSP |
| 043 | |an-cn-nf |
| 086 | 1 |aR64-105/81-2023Iku2-PDF |
| 245 | 00|a[Tongait KakKasuangita SilakKijapvinga : |bParc national des Monts-Torngat plan directeur, 2023.] |
| 250 | |a[Édition inuktitut (Nunavut)]. |
| 264 | 1|a[Gatineau, QC] : |bParcs Canada = Parks Canada, |c2023. |
| 264 | 4|c©2023 |
| 300 | |a1 ressource en ligne (xii, 16 pages) : |bcartes |
| 336 | |atexte|btxt|2rdacontent/fre |
| 337 | |ainformatique|bc|2rdamedia/fre |
| 338 | |aressource en ligne|bcr|2rdacarrier/fre |
| 500 | |aTitre français fourni par l’éditeur. |
| 546 | |aTexte en Nunavut. |
| 650 | 6|aParcs nationaux|zTerre-Neuve-et-Labrador|xGestion. |
| 710 | 2 |aParcs Canada, |eorganisme de publication. |
| 775 | 08|tTongait KakKasuangita SilakKijapvinga : |w(CaOODSP)9.909732 |
| 856 | 40|qPDF|s4.79 Mo|uhttps://publications.gc.ca/collections/collection_2024/pc/R64-105-81-2023-iku2.pdf |